[Event "SM-2022-0-00489"]
[Site "LSS email"]
[Date "2022.11.04"]
[Round "?"]
[White "Monteverde, Italo"]
[Black "Vorobjev, Albert"]
[Result "1/2-1/2"]
[WhiteElo "2167"]
[BlackElo "2217"]
[PlyCount "68"]
[EventDate "2022.10.05"]
[EventType "tourn (corr)"]
[EventRounds "6"]
[EventCountry "GER"]
[SourceTitle "Corr 2024"]
[Source "ChessBase"]
[SourceDate "2023.10.19"]
[SourceVersion "1"]
[SourceVersionDate "2023.10.19"]
[SourceQuality "1"]

1. d4 Nf6 2. c4 e6 3. Nf3 d5 4. Nc3 Bb4 5. Bg5 dxc4 6. e4 c5 7. Bxc4 cxd4 8. Nxd4 Bxc3+ 9. bxc3 Qa5 10. Bb5+ Bd7 11. Bxf6 gxf6 12. Bxd7+ Nxd7 13. 0-0 a6 14. Rb1 Qc7 15. Qh5 Nc5 16. Qh4 0-0-0 17. Rfe1 Nd3 18. Re2 Rhg8 19. g3 h5 20. Re3 Qxc3 21. Nf3 Qc2 22. Rf1 Qc5 23. Qxf6 Rd7 24. Kg2 Rgd8 25. h4 b5 26. Ne1 Qe5 27. Qg5 Qxg5 28. hxg5 b4 29. Nxd3 Rxd3 30. Kh3 a5 31. Rc1+ Kb7 32. Re2 Rd2 33. Rc2 Rxe2 34. Rxe2 a4 1/2-1/2

[Event "SM-2022-0-00489"]
[Site "LSS email"]
[Date "2022.11.04"]
[Round "?"]
[White "Vorobjev, Albert"]
[Black "Salzmann, Stefan"]
[Result "1/2-1/2"]
[WhiteElo "2217"]
[BlackElo "2204"]
[PlyCount "46"]
[EventDate "2022.10.05"]
[EventType "tourn (corr)"]
[EventRounds "6"]
[EventCountry "GER"]
[SourceTitle "Corr 2024"]
[Source "ChessBase"]
[SourceDate "2023.10.19"]
[SourceVersion "1"]
[SourceVersionDate "2023.10.19"]
[SourceQuality "1"]

1. d4 Nf6 2. c4 e6 3. g3 d5 4. Nf3 Bb4+ 5. Bd2 Be7 6. Bg2 0-0 7. 0-0 c6 8. Qc2 b6 9. Rd1 Nbd7 10. Bf4 Bb7 11. Ne5 Nh5 12. Bd2 Nhf6 13. cxd5 cxd5 14. Nc6 Bxc6 15. Qxc6 Rc8 16. Qb5 Ne8 17. Qd3 Nd6 18. Nc3 Nf6 19. b3 Qd7 20. f3 Nf5 21. e3 Rfd8 22. Ne2 h5 23. Rac1 Ba3 1/2-1/2

[Event "SM-2022-0-00473"]
[Site "LSS email"]
[Date "2022.06.22"]
[Round "?"]
[White "Vorobjev, Albert"]
[Black "Oliveira, Diogo"]
[Result "1/2-1/2"]
[WhiteElo "2216"]
[BlackElo "2221"]
[PlyCount "75"]
[EventDate "2022.05.23"]
[EventType "tourn (corr)"]
[EventRounds "6"]
[EventCountry "GER"]
[SourceTitle "Corr 2024"]
[Source "ChessBase"]
[SourceDate "2023.10.19"]
[SourceVersion "1"]
[SourceVersionDate "2023.10.19"]
[SourceQuality "1"]

1. d4 Nf6 2. Bf4 g6 3. Nc3 d5 4. Nf3 Bg7 5. Nb5 Na6 6. e3 c6 7. Nc3 Qb6 8. Rb1 Nh5 9. Bg5 Nc7 10. Qd2 a5 11. Bh4 a4 12. Be2 Nf6 13. 0-0 0-0 14. Ne5 Nce8 15. f3 Nd6 16. g4 Qd8 17. b3 axb3 18. axb3 Nfe8 19. Nd3 Nc7 20. h3 b6 21. Rbd1 Re8 22. Rfe1 Ne6 23. f4 Ba6 24. Bf3 Qc7 25. Ne5 Bb7 26. Bg2 Rac8 27. Qf2 f6 28. Nd3 f5 29. Ne5 b5 30. Qd2 Bf6 31. Bf2 Rf8 32. Rf1 b4 33. Na4 Rb8 34. Nd3 Ba6 35. Rfe1 fxg4 36. hxg4 Ne4 37. Bxe4 dxe4 38. Ndc5 1/2-1/2

[Event "SM-2022-0-00473"]
[Site "LSS email"]
[Date "2022.06.20"]
[Round "?"]
[White "Giuliani, Carlo"]
[Black "Vorobjev, Albert"]
[Result "1/2-1/2"]
[WhiteElo "2306"]
[BlackElo "2216"]
[PlyCount "86"]
[EventDate "2022.05.23"]
[EventType "tourn (corr)"]
[EventRounds "6"]
[EventCountry "GER"]
[SourceTitle "Corr 2024"]
[Source "ChessBase"]
[SourceDate "2023.10.19"]
[SourceVersion "1"]
[SourceVersionDate "2023.10.19"]
[SourceQuality "1"]

1. e4 d6 2. d4 Nf6 3. Nc3 e5 4. Nf3 Nbd7 5. Bc4 Be7 6. 0-0 0-0 7. Re1 c6 8. a4 a5 9. h3 Nb6 10. Bf1 exd4 11. Nxd4 d5 12. e5 Ne8 13. Nce2 g6 14. Bh6 Ng7 15. Nf4 Bg5 16. Bxg5 Qxg5 17. Qc1 Qe7 18. Qe3 f6 19. Nf3 fxe5 20. Nxe5 Nd7 21. Nfd3 Nxe5 22. Nxe5 Bf5 23. Qd2 Ne6 24. c4 Qg5 25. Qxg5 Nxg5 26. cxd5 cxd5 27. f3 Kg7 28. Ra3 Rae8 29. Rb3 Bc8 30. Rc3 Ne6 31. Kf2 Re7 32. h4 Rc7 33. Rxc7+ Nxc7 34. g4 Ne6 35. Kg3 h6 36. Nd3 b6 37. Re5 Rd8 38. Be2 Nd4 39. Bd1 Nc6 40. Re1 Rd6 41. Re8 Be6 42. f4 Bd7 43. Re2 d4 1/2-1/2

[Event "SM-2022-0-00473"]
[Site "LSS email"]
[Date "2022.06.17"]
[Round "?"]
[White "Boni, Roberto"]
[Black "Vorobjev, Albert"]
[Result "1/2-1/2"]
[WhiteElo "2272"]
[BlackElo "2216"]
[PlyCount "108"]
[EventDate "2022.05.23"]
[EventType "tourn (corr)"]
[EventRounds "6"]
[EventCountry "GER"]
[SourceTitle "Corr 2024"]
[Source "ChessBase"]
[SourceDate "2023.10.19"]
[SourceVersion "1"]
[SourceVersionDate "2023.10.19"]
[SourceQuality "1"]

1. e4 d6 2. d4 Nf6 3. Nc3 e5 4. dxe5 dxe5 5. Qxd8+ Kxd8 6. Bc4 Ke8 7. a3 c6 8. Nf3 b5 9. Ba2 Bd6 10. Be3 Nbd7 11. Rd1 Bc7 12. 0-0 a5 13. Ng5 Rf8 14. Rfe1 Ke7 15. h3 h6 16. Nf3 b4 17. Na4 Rd8 18. Bd2 bxa3 19. bxa3 Nf8 20. Nh4 Rd4 21. Nc3 g5 22. Nf5+ Bxf5 23. exf5 Rad8 24. Bc1 Rxd1 25. Nxd1 Nd5 26. g3 Nd7 27. Kg2 Nc5 28. Rh1 Kf6 29. Ne3 Nc3 30. Ng4+ Kg7 31. Bxf7 Kxf7 32. h4 gxh4 33. Rxh4 Rd1 34. Be3 Nd7 35. Rxh6 Bd8 36. Rxc6 Nd5 37. Ba7 Ne7 38. Nh6+ Kg7 39. Re6 Nc8 40. Rg6+ Kh7 41. Be3 Nd6 42. g4 Nf6 43. c4 Nxc4 44. Nf7 Nd5 45. Bg5 Be7 46. Kg3 Nd2 47. Bxd2 Rxd2 48. Nxe5 Ra2 49. Nc4 Rc2 50. Ne3 Nxe3 51. fxe3 Rc3 52. Ra6 Bxa3 53. Ra7+ Kg8 54. Rxa5 Rxe3+ 1/2-1/2

[Event "RM-2021-0-00250"]
[Site "LSS email"]
[Date "2021.12.29"]
[Round "?"]
[White "Cirulis, Ilmars"]
[Black "Vorobjev, Albert"]
[Result "1-0"]
[WhiteElo "2296"]
[BlackElo "2202"]
[PlyCount "167"]
[EventDate "2021.11.10"]
[EventType "tourn (corr)"]
[EventRounds "6"]
[EventCountry "GER"]
[SourceTitle "Corr 2024"]
[Source "ChessBase"]
[SourceDate "2023.10.19"]
[SourceVersion "1"]
[SourceVersionDate "2023.10.19"]
[SourceQuality "1"]

1. e4 d6 2. d4 Nf6 3. Nc3 g6 4. Be3 a6 5. h3 Bg7 6. f4 e6 7. Qf3 Nc6 8. 0-0-0 Ne7 9. g4 b5 10. f5 gxf5 11. exf5 Rb8 12. g5 Bb7 13. gxf6 Bxf3 14. fxe7 Qxe7 15. Nxf3 b4 16. Nb1 0-0 17. Nbd2 a5 18. Rg1 Kh8 19. Re1 Rfe8 20. Bg5 f6 21. Rxe6 Qf7 22. Bc4 d5 23. Bxd5 Red8 24. Be4 fxg5 25. Nxg5 Qg8 26. Ndf3 Bxd4 27. Nxd4 Rxd4 28. Re7 Qxa2 29. Nf7+ Qxf7 30. Rxf7 Rxe4 31. f6 a4 32. Rxc7 Rf4 33. f7 Rf8 34. Ra7 a3 35. bxa3 bxa3 36. Rxa3 R4xf7 37. Kb2 Rf2 38. Rg4 Rb8+ 39. Rb3 Rc8 40. Rc3 Rb8+ 41. Ka3 Rf7 42. Rgc4 Ra7+ 43. Ra4 Rg7 44. Rb4 Ra7+ 45. Kb3 Rba8 46. h4 Ra3+ 47. Kb2 Ra2+ 48. Kc1 Ra1+ 49. Kd2 Rd8+ 50. Rd3 Rc8 51. Rdd4 Rh1 52. Rdc4 Rd8+ 53. Kc3 Rd7 54. Rc5 Rh3+ 55. Kb2 Kg7 56. h5 h6 57. c3 Rh1 58. Kb3 Rf7 59. Rg4+ Kh7 60. Kb4 Rb7+ 61. Kc4 Rf1 62. Re4 Kg7 63. Rg4+ Kh7 64. Rd4 Kg7 65. Rc6 Rh1 66. Rd5 Ra7 67. Rf5 Rd7 68. Rcc5 Rb7 69. Kd5 Rd1+ 70. Kc6 Rdd7 71. c4 Rbc7+ 72. Kb5 Rb7+ 73. Ka5 Ra7+ 74. Kb4 Rd1 75. Kb5 Rb1+ 76. Kc6 Rbb7 77. Rfd5 Rf7 78. Kd6 Rf6+ 79. Ke5 Re7+ 80. Kd4 Ra7 81. Rf5 Rd6+ 82. Rcd5 Rc6 83. c5 Rc8 84. Rd6 1-0

[Event "RM-2021-0-00250"]
[Site "LSS email"]
[Date "2021.12.29"]
[Round "?"]
[White "Susla, Vitaliy"]
[Black "Vorobjev, Albert"]
[Result "1/2-1/2"]
[WhiteElo "2329"]
[BlackElo "2202"]
[PlyCount "63"]
[EventDate "2021.11.10"]
[EventType "tourn (corr)"]
[EventRounds "6"]
[EventCountry "GER"]
[SourceTitle "Corr 2024"]
[Source "ChessBase"]
[SourceDate "2023.10.19"]
[SourceVersion "1"]
[SourceVersionDate "2023.10.19"]
[SourceQuality "1"]

1. e4 d6 2. d4 Nf6 3. Nc3 g6 4. Nf3 Bg7 5. Be2 0-0 6. 0-0 e6 7. a4 Nc6 8. a5 a6 9. Be3 b5 10. axb6 cxb6 11. d5 exd5 12. Nxd5 Nxd5 13. exd5 Ne7 14. Bd4 Nf5 15. Bxg7 Kxg7 16. Ra4 Bd7 17. Rf4 b5 18. h3 a5 19. Qd2 Re8 20. Ra1 a4 21. Rb4 Rb8 22. c3 h6 23. Bd3 Qf6 24. Bf1 Kg8 25. Rf4 Qg7 26. Rb4 Qf6 27. Re1 Rxe1 28. Nxe1 Rc8 29. g4 a3 30. bxa3 Nh4 31. Qxh6 Rxc3 32. g5 1/2-1/2

[Event "RM-2021-0-00250"]
[Site "LSS email"]
[Date "2021.12.29"]
[Round "?"]
[White "Vorobjev, Albert"]
[Black "Bordenave, Roberto"]
[Result "1/2-1/2"]
[WhiteElo "2202"]
[BlackElo "2283"]
[PlyCount "34"]
[EventDate "2021.11.10"]
[EventType "tourn (corr)"]
[EventRounds "6"]
[EventCountry "GER"]
[SourceTitle "Corr 2024"]
[Source "ChessBase"]
[SourceDate "2023.10.19"]
[SourceVersion "1"]
[SourceVersionDate "2023.10.19"]
[SourceQuality "1"]

1. d4 d5 2. c4 c6 3. Nf3 Nf6 4. e3 e6 5. Nc3 Nbd7 6. Qc2 Bd6 7. b3 0-0 8. Be2 b6 9. 0-0 Bb7 10. Bb2 Re8 11. Rad1 Qe7 12. Rfe1 Rad8 13. g3 h6 14. Bf1 Bb4 15. a3 Bxc3 16. Qxc3 c5 17. Nd2 dxc4 1/2-1/2

[Event "RM-2021-0-00247"]
[Site "LSS email"]
[Date "2021.11.18"]
[Round "?"]
[White "Vorobjev, Albert"]
[Black "Cirulis, Ilmars"]
[Result "1/2-1/2"]
[WhiteElo "2200"]
[BlackElo "2293"]
[PlyCount "36"]
[EventDate "2021.08.05"]
[EventType "tourn (corr)"]
[EventRounds "6"]
[EventCountry "GER"]
[SourceTitle "Corr 2024"]
[Source "ChessBase"]
[SourceDate "2023.10.19"]
[SourceVersion "1"]
[SourceVersionDate "2023.10.19"]
[SourceQuality "1"]

1. d4 d5 2. c4 c6 3. cxd5 cxd5 4. Bf4 Nc6 5. e3 Nf6 6. Nc3 Bf5 7. Qb3 Na5 8. Qa4+ Bd7 9. Qc2 Rc8 10. Nf3 e6 11. Bd3 Bb4 12. 0-0 Nh5 13. Be5 f6 14. Bg3 Nc4 15. Rfc1 Nxg3 16. hxg3 Nd6 17. Qb3 Bxc3 18. Rxc3 Rxc3 1/2-1/2

[Event "RM-2021-0-00247"]
[Site "LSS email"]
[Date "2021.11.12"]
[Round "?"]
[White "Vorobjev, Albert"]
[Black "Oliveira, Diogo"]
[Result "1-0"]
[WhiteElo "2200"]
[BlackElo "2254"]
[PlyCount "119"]
[EventDate "2021.08.05"]
[EventType "tourn (corr)"]
[EventRounds "6"]
[EventCountry "GER"]
[SourceTitle "Corr 2024"]
[Source "ChessBase"]
[SourceDate "2023.10.19"]
[SourceVersion "1"]
[SourceVersionDate "2023.10.19"]
[SourceQuality "1"]

1. d4 Nf6 2. c4 g6 3. Nc3 Bg7 4. e4 d6 5. Nf3 0-0 6. Be2 e5 7. 0-0 Nc6 8. d5 Ne7 9. b4 a5 10. bxa5 Rxa5 11. a4 Nh5 12. Re1 f5 13. exf5 Nxf5 14. Bg5 Nf6 15. Bd3 Nh6 16. Ne4 Nf7 17. Bh4 h6 18. Bxf6 Bxf6 19. Nfd2 Kg7 20. Qc2 Bh4 21. Nc3 Bd7 22. Rf1 Bg5 23. Nb3 Ra8 24. Bxg6 Bf4 25. g3 Ng5 26. Bh5 Kh8 27. Kh1 Bh3 28. Rfe1 Bf5 29. Qe2 Nh3 30. f3 Bg5 31. Rf1 Bf6 32. Nd2 Ng5 33. Ra3 b6 34. Bg4 Bg6 35. h4 Nh7 36. Kg2 Ra5 37. Rfa1 Bg7 38. R1a2 Nf6 39. Be6 Bh5 40. Qe3 Qe8 41. Nb5 Qe7 42. Bf5 Ng8 43. Qd3 Bf6 44. Bg6 Bxg6 45. Qxg6 Rf7 46. Qh5 Rf8 47. Ne4 Qg7 48. c5 bxc5 49. Rb3 Qd7 50. Nbc3 Bg7 51. Rab2 Ne7 52. Rb8 Ra8 53. Nf6 Qf5 54. Rxf8+ Rxf8 55. Qxf5 Nxf5 56. Nfe4 h5 57. Rb7 Rc8 58. Kh3 Ne3 59. g4 Rf8 60. Kg3 1-0

[Event "RA-2021-0-00691"]
[Site "LSS email"]
[Date "2021.10.27"]
[Round "?"]
[White "Vorobjev, Albert"]
[Black "Zholob, Anatolij"]
[Result "1/2-1/2"]
[WhiteElo "2194"]
[BlackElo "2093"]
[PlyCount "69"]
[EventDate "2021.09.02"]
[EventType "tourn (corr)"]
[EventRounds "6"]
[EventCountry "GER"]
[SourceTitle "Corr 2024"]
[Source "ChessBase"]
[SourceDate "2023.10.19"]
[SourceVersion "1"]
[SourceVersionDate "2023.10.19"]
[SourceQuality "1"]

1. d4 d5 2. c4 e6 3. Nf3 Nf6 4. g3 Be7 5. Bg2 0-0 6. 0-0 dxc4 7. Qc2 a6 8. a4 Bd7 9. Qxc4 Bc6 10. Bf4 Bd6 11. Qc1 Bd5 12. Nc3 Nc6 13. Be5 Ne4 14. Qf4 f5 15. Bxd6 cxd6 16. Qe3 Nxc3 17. bxc3 Qd7 18. a5 h6 19. Rfc1 Rac8 20. c4 Be4 21. Bh3 Bxf3 22. exf3 d5 23. cxd5 Qxd5 24. Rc5 Qd6 25. Rac1 Rcd8 26. d5 exd5 27. f4 Rfe8 28. Qd3 g6 29. Qd1 Ne7 30. Bg2 Rd7 31. Qc2 Red8 32. Rb1 Qe6 33. Rc7 Rxc7 34. Qxc7 Rd7 35. Qb8+ 1/2-1/2

[Event "RM-2020-0-00231"]
[Site "LSS email"]
[Date "2020.12.08"]
[Round "?"]
[White "Nichols, Scott"]
[Black "Vorobjev, Albert"]
[Result "1-0"]
[WhiteElo "2363"]
[BlackElo "2217"]
[PlyCount "75"]
[EventDate "2020.11.14"]
[EventType "tourn (corr)"]
[EventRounds "6"]
[EventCountry "GER"]
[SourceTitle "Corr 2022"]
[Source "ChessBase"]
[SourceDate "2021.10.24"]
[SourceVersion "1"]
[SourceVersionDate "2021.10.24"]
[SourceQuality "1"]

1. c4 Nf6 2. Nf3 g6 3. Nc3 Bg7 4. e4 d6 5. d4 0-0 6. Be2 e5 7. 0-0 Nc6 8. d5 Ne7 9. b4 Nh5 10. Re1 f5 11. a4 Nf6 12. a5 Nxe4 13. Nxe4 fxe4 14. Ng5 e3 15. Bxe3 Nf5 16. Bd2 Bh6 17. Qc1 Nd4 18. Bd1 Rb8 19. Ra3 b5 20. cxb5 Rxb5 21. Nf3 Bxd2 22. Qxd2 Rf4 23. Qxf4 exf4 24. Nxd4 Rxd5 25. Bb3 Bb7 26. a6 Ba8 27. Ra5 c5 28. Rb5 Kh8 29. Bxd5 Bxd5 30. bxc5 Qg5 31. f3 Qf6 32. Nc2 Kg7 33. cxd6 Qxd6 34. Rd1 Qc6 35. Rbxd5 Qxc2 36. Rd7+ Kf6 37. h4 h6 38. R1d2 1-0

[Event "RM-2020-0-00231"]
[Site "LSS email"]
[Date "2020.12.08"]
[Round "?"]
[White "Vorobjev, Albert"]
[Black "Khlopov, Sergej"]
[Result "1/2-1/2"]
[WhiteElo "2217"]
[BlackElo "2330"]
[PlyCount "59"]
[EventDate "2020.11.14"]
[EventType "tourn (corr)"]
[EventRounds "6"]
[EventCountry "GER"]
[SourceTitle "Corr 2022"]
[Source "ChessBase"]
[SourceDate "2021.10.24"]
[SourceVersion "1"]
[SourceVersionDate "2021.10.24"]
[SourceQuality "1"]

1. d4 d5 2. c4 c6 3. Nf3 Nf6 4. e3 e6 5. Nc3 Nbd7 6. Qc2 Bd6 7. Bd3 0-0 8. 0-0 dxc4 9. Bxc4 a6 10. Rd1 b5 11. Bd3 Bb7 12. Ng5 h6 13. Nge4 Bc7 14. a3 Qe7 15. b4 e5 16. Bb2 exd4 17. exd4 Rae8 18. Re1 Nb6 19. Re2 Nfd5 20. Nc5 Qd6 21. g3 Bc8 22. Rae1 Qd8 23. Nxd5 Nxd5 24. Rxe8 Rxe8 25. Rxe8+ Qxe8 26. Bf1 a5 27. bxa5 Bxa5 28. a4 bxa4 29. Qxa4 Bc7 30. Qd1 1/2-1/2

[Event "RM-2020-0-00231"]
[Site "LSS email"]
[Date "2020.12.08"]
[Round "?"]
[White "Vorobjev, Albert"]
[Black "Sorcinelli, Andrea"]
[Result "1/2-1/2"]
[WhiteElo "2217"]
[BlackElo "2322"]
[PlyCount "64"]
[EventDate "2020.11.14"]
[EventType "tourn (corr)"]
[EventRounds "6"]
[EventCountry "GER"]
[SourceTitle "Corr 2022"]
[Source "ChessBase"]
[SourceDate "2021.10.24"]
[SourceVersion "1"]
[SourceVersionDate "2021.10.24"]
[SourceQuality "1"]

1. d4 Nf6 2. c4 e6 3. g3 d5 4. Nf3 Bb4+ 5. Bd2 Be7 6. Bg2 0-0 7. 0-0 c6 8. Qc2 b6 9. Bf4 Nbd7 10. Rd1 Bb7 11. Ne5 Nh5 12. Bd2 Nhf6 13. cxd5 cxd5 14. Nc6 Bxc6 15. Qxc6 a6 16. e3 b5 17. Rc1 b4 18. a3 a5 19. axb4 axb4 20. Ra6 h5 21. Bf1 h4 22. Qb5 e5 23. Be1 Rb8 24. Qe2 hxg3 25. hxg3 e4 26. Nd2 Rc8 27. Rac6 Rxc6 28. Rxc6 Nb8 29. Rc1 Qd7 30. Qb5 Qf5 31. Qb7 Bd6 32. Qb6 Be7 1/2-1/2

[Event "RM-2020-0-00198"]
[Site "LSS email"]
[Date "2020.02.04"]
[Round "?"]
[White "Willmann, Bernd"]
[Black "Vorobjev, Albert"]
[Result "1/2-1/2"]
[WhiteElo "2341"]
[BlackElo "2206"]
[PlyCount "101"]
[EventDate "2020.01.22"]
[EventType "tourn (corr)"]
[EventRounds "6"]
[EventCountry "GER"]
[SourceTitle "Corr 2022"]
[Source "ChessBase"]
[SourceDate "2021.10.24"]
[SourceVersion "1"]
[SourceVersionDate "2021.10.24"]
[SourceQuality "1"]

1. e4 d6 2. d4 Nf6 3. Nc3 g6 4. f4 Bg7 5. Nf3 0-0 6. Bd3 Na6 7. 0-0 c5 8. d5 Bg4 9. Bc4 Nc7 10. h3 Bxf3 11. Qxf3 a6 12. a4 b6 13. g4 e6 14. dxe6 fxe6 15. Be3 Qe7 16. Rae1 Rab8 17. Be2 Rf7 18. Qg2 Rbf8 19. Bc1 Nfe8 20. Bc4 Kh8 21. Rd1 Nf6 22. Kh1 Nd7 23. Bd2 h6 24. Ba2 g5 25. f5 Be5 26. Ne2 Rh7 27. Ng1 Bf6 28. Nf3 b5 29. axb5 axb5 30. Ba5 Ne5 31. Nxe5 Bxe5 32. Bxc7 Qxc7 33. fxe6 Rf4 34. Bd5 Qe7 35. Ra1 Rg7 36. h4 Rg8 37. Rxf4 gxf4 38. g5 hxg5 39. Qg4 Bxb2 40. Rg1 Rg7 41. hxg5 Be5 42. Rg2 f3 43. Qxf3 Rxg5 44. Qf7 Rg7 45. Qxe7 Rxe7 46. Kg1 Bf6 47. Kf1 Re8 48. Ke2 Rb8 49. Rg3 Be7 50. Kd2 Rg8 51. Rb3 1/2-1/2

[Event "SA-2019-0-00708"]
[Site "LSS email"]
[Date "2019.12.13"]
[Round "?"]
[White "Vorobjev, Albert"]
[Black "Nowak, Ireneusz"]
[Result "1-0"]
[WhiteElo "2145"]
[BlackElo "2224"]
[PlyCount "123"]
[EventDate "2019.11.03"]
[EventType "tourn (corr)"]
[EventRounds "6"]
[EventCountry "GER"]
[SourceTitle "Corr 2022"]
[Source "ChessBase"]
[SourceDate "2021.10.24"]
[SourceVersion "1"]
[SourceVersionDate "2021.10.24"]
[SourceQuality "1"]

1. d4 Nf6 2. c4 e6 3. g3 d5 4. Nf3 Bb4+ 5. Bd2 Be7 6. Bg2 0-0 7. 0-0 c6 8. Qc2 b6 9. Bf4 Nbd7 10. Rd1 Bb7 11. Ne5 Nh5 12. Bd2 Nhf6 13. cxd5 cxd5 14. Nc6 Bxc6 15. Qxc6 Rc8 16. Qb5 Nb8 17. Nc3 a6 18. Qd3 Nc6 19. Qxa6 Nxd4 20. e3 Nf5 21. a4 Nd6 22. Qe2 Rc5 23. b4 Rc4 24. a5 bxa5 25. bxa5 Qd7 26. Be1 Rfc8 27. e4 d4 28. Na2 Rc2 29. Qd3 e5 30. a6 Bf8 31. Rdb1 h5 32. Nb4 R2c7 33. Qb3 Ndxe4 34. Bxe4 Nxe4 35. Nd5 Nc5 36. Qc4 Nxa6 37. Nxc7 Nxc7 38. Rc1 h4 39. Ba5 d3 40. Rc3 Ra8 41. Rxd3 Qf5 42. Re3 Ra7 43. Qc3 Bd6 44. Bxc7 Rxc7 45. Qa5 Rc4 46. Qd8+ Bf8 47. Qd5 Rc8 48. Qxe5 Qxe5 49. Rxe5 hxg3 50. hxg3 f6 51. Rea5 Rc2 52. Ra8 Kf7 53. R1a7+ Be7 54. Rb7 Re2 55. g4 Re4 56. f3 Re6 57. Raa7 g5 58. Kf2 Kf8 59. Ra2 Rc6 60. Ra8+ Kf7 61. Rh8 Re6 62. f4 1-0

[Event "RA-2019-0-00641"]
[Site "LSS email"]
[Date "2019.10.19"]
[Round "?"]
[White "Vorobjev, Albert"]
[Black "Misericordia, Antonio"]
[Result "1-0"]
[WhiteElo "2142"]
[BlackElo "2321"]
[PlyCount "177"]
[EventDate "2019.09.26"]
[EventType "tourn (corr)"]
[EventRounds "6"]
[EventCountry "GER"]
[SourceTitle "Corr 2022"]
[Source "ChessBase"]
[SourceDate "2021.10.24"]
[SourceVersion "1"]
[SourceVersionDate "2021.10.24"]
[SourceQuality "1"]

1. d4 d5 2. c4 e6 3. Nf3 Nf6 4. g3 Bb4+ 5. Bd2 Be7 6. Bg2 0-0 7. 0-0 c6 8. Qc2 Nbd7 9. Bf4 b6 10. Rd1 Bb7 11. Ne5 Nh5 12. Bd2 Nhf6 13. cxd5 cxd5 14. Nc6 Qe8 15. Nxe7+ Qxe7 16. Qb3 Rfc8 17. Bb4 Qd8 18. a4 Ba6 19. Qe3 Nb8 20. Be1 Nc6 21. f3 Ne8 22. Qf2 Rc7 23. Na3 Na5 24. b4 Nc4 25. Nxc4 Bxc4 26. e4 dxe4 27. fxe4 Rac8 28. Qe3 Nd6 29. g4 b5 30. a5 Qf8 31. g5 Rd7 32. Bf2 h6 33. h4 a6 34. Qh3 Qe7 35. Ra3 h5 36. Re1 Re8 37. Raa1 Nc8 38. Qc3 Rdd8 39. Rad1 Qd7 40. Bf3 Ne7 41. Bxh5 Nc6 42. Rd2 Qd6 43. Rb1 Qb8 44. Bf3 Qf4 45. Bg2 f6 46. Bg3 Qg4 47. Kh2 e5 48. d5 Nd4 49. gxf6 Rd6 50. fxg7 Rg6 51. Rf2 Ne2 52. Rxe2 Bxe2 53. Qe3 Qh5 54. Rc1 Rxg7 55. Rc6 Kh7 56. Qc3 Bd1 57. d6 Bg4 58. Rc5 Qh6 59. Rxe5 Rxe5 60. Qxe5 Bc8 61. Qd5 Qe3 62. Qh5+ Kg8 63. Qf3 Qh6 64. Qb3+ Be6 65. Qd3 Qg6 66. Qf3 Qh6 67. e5 Qg6 68. Qa8+ Kh7 69. Qe4 Bf5 70. Qe3 Kg8 71. Qg5 Qf7 72. Qd2 Be6 73. Qd3 Rg4 74. Bc6 Rg7 75. Bf3 Bf5 76. Qd5 Be6 77. Qa8+ Kh7 78. Qe4+ Bf5 79. Qe3 Kg8 80. Bf4 Qc4 81. Bg5 Qxb4 82. Bd5+ Kh7 83. Kg3 Qg4+ 84. Kf2 Rg6 85. Bf3 Qc4 86. Qd2 Bd7 87. Qe2 Qe6 88. Qe4 Kg7 89. Be2 1-0

[Event "RA-2019-0-00624"]
[Site "LSS email"]
[Date "2019.05.16"]
[Round "?"]
[White "Vorobjev, Albert"]
[Black "Vaassen, Jack M"]
[Result "1/2-1/2"]
[WhiteElo "2143"]
[BlackElo "2121"]
[PlyCount "149"]
[EventDate "2019.03.31"]
[EventType "tourn (corr)"]
[EventRounds "6"]
[EventCountry "GER"]
[SourceTitle "Corr 2022"]
[Source "ChessBase"]
[SourceDate "2021.10.24"]
[SourceVersion "1"]
[SourceVersionDate "2021.10.24"]
[SourceQuality "1"]

1. d4 d5 2. c4 c6 3. cxd5 cxd5 4. Bf4 Nf6 5. Nc3 Nc6 6. e3 Bg4 7. Qb3 Na5 8. Qa4+ Bd7 9. Qc2 e6 10. Nf3 Be7 11. h3 Ne4 12. Bd3 f5 13. 0-0 Nc6 14. Rfc1 0-0 15. Qb3 Na5 16. Qd1 Rc8 17. Ne2 Nc6 18. Bh2 Bf6 19. Qb3 Qb6 20. Qxb6 axb6 21. Bb5 g5 22. Nc3 Kf7 23. g4 h5 24. gxf5 Nxc3 25. fxe6+ Bxe6 26. bxc3 Bxh3 27. Bd3 g4 28. Nd2 h4 29. Bf4 Ne7 30. Rab1 Rc6 31. Bb5 Rcc8 32. Kh2 Ng6 33. Bd6 Be7 34. Bxe7 Kxe7 35. f3 Nh8 36. Ba4 Nf7 37. Rxb6 Nd6 38. Bb3 Rf5 39. Bd1 Rg5 40. f4 Rgg8 41. Bb3 Rc6 42. Rxc6 bxc6 43. c4 Nf5 44. cxd5 cxd5 45. Bxd5 Rb8 46. Bb3 Re8 47. Nc4 Kf6 48. Re1 Nxd4 49. Bd1 Nc6 50. a3 Rd8 51. Be2 Ne7 52. Rg1 Nf5 53. e4 Nd4 54. Bxg4 Bxg4 55. Rxg4 Nf3+ 56. Kg2 Rd3 57. Kf2 h3 58. Rg3 h2 59. Rh3 Nd2 60. Rxd3 h1Q 61. Nxd2 Qh2+ 62. Ke3 Qg1+ 63. Ke2 Qh2+ 64. Kd1 Qh5+ 65. Rf3 Qg4 66. f5 Qg1+ 67. Kc2 Qc5+ 68. Rc3 Qa7 69. Kd3 Kg5 70. Ke2 Qa6+ 71. Nc4 Qb5 72. Kf3 Qb1 73. Nd2 Qb5 74. Re3 Qe5 75. Ke2 1/2-1/2

[Event "RA-2019-0-00624"]
[Site "LSS email"]
[Date "2019.05.16"]
[Round "?"]
[White "Willmann, Bernd"]
[Black "Vorobjev, Albert"]
[Result "1/2-1/2"]
[WhiteElo "2254"]
[BlackElo "2143"]
[PlyCount "42"]
[EventDate "2019.03.31"]
[EventType "tourn (corr)"]
[EventRounds "6"]
[EventCountry "GER"]
[SourceTitle "Corr 2022"]
[Source "ChessBase"]
[SourceDate "2021.10.24"]
[SourceVersion "1"]
[SourceVersionDate "2021.10.24"]
[SourceQuality "1"]

1. e4 d6 2. d4 Nf6 3. Nc3 e5 4. dxe5 dxe5 5. Qxd8+ Kxd8 6. Bc4 Ke8 7. Nf3 Bd6 8. Bg5 Nbd7 9. 0-0-0 a6 10. a3 b5 11. Ba2 h6 12. Bh4 Bb7 13. Rhe1 Kf8 14. Bxf6 Nxf6 15. Nd5 Rd8 16. Nxf6 gxf6 17. Nh4 Bc8 18. c3 Ke7 19. Nf5+ Bxf5 20. exf5 Bc5 21. Re2 Rxd1+ 1/2-1/2

[Event "CP-2018-Q-00001"]
[Site "LSS email"]
[Date "2018.11.28"]
[Round "?"]
[White "Fritsche, Frank"]
[Black "Vorobjev, Albert"]
[Result "1-0"]
[WhiteElo "2357"]
[BlackElo "2102"]
[PlyCount "89"]
[EventDate "2018.12.01"]
[EventType "tourn (corr)"]
[EventRounds "6"]
[EventCountry "GER"]
[SourceTitle "Corr 2022"]
[Source "ChessBase"]
[SourceDate "2021.10.24"]
[SourceVersion "1"]
[SourceVersionDate "2021.10.24"]
[SourceQuality "1"]

1. e4 d6 2. d4 Nf6 3. Nc3 e5 4. Nf3 Nbd7 5. Bc4 Be7 6. 0-0 0-0 7. a4 c6 8. Re1 a5 9. h3 Nb6 10. Ba2 Nfd7 11. Be3 exd4 12. Nxd4 Nc5 13. b3 Re8 14. Qd2 Qc7 15. Bf4 Bd7 16. Rad1 Rad8 17. Bg3 Be6 18. f3 Nbd7 19. Nce2 Nf8 20. c4 Bc8 21. Bb1 Bf6 22. Qe3 Qe7 23. Qf2 g6 24. Bc2 Na6 25. f4 Nd7 26. Nf3 Qf8 27. Bh4 Qe7 28. Bxf6 Qxf6 29. Nh2 Qe7 30. Nd4 Nf6 31. Nf1 Nd7 32. Nf3 b6 33. Bb1 Nab8 34. N1h2 Na6 35. Nd4 Nab8 36. g4 f6 37. h4 c5 38. Nb5 Nf8 39. g5 Nc6 40. Nc3 Qg7 41. Nd5 fxg5 42. hxg5 Kh8 43. Kg2 Nd4 44. Re3 Nfe6 45. Ng4 1-0